000 00919nam a22002177a 4500
001 1452
005 20241031145721.0
020 _a9781408313039
040 _aFISKH
_beng
082 _a823.92
100 _aMeres, Joanathan
245 _aThe world of Norm may contain nuts /
_cJonathan Meres
250 _aThis edition published 2016 by The Watts Publishing Group
260 _aLondon :
_bOrchard,
_c2011
300 _a295 pages, 9 unnumbered pages :
_c20 cm
505 _aK
520 _aSummary: Norm knew it was going to be one of those days when he woke up and found himself about to pee in his dad's wardrobe. Why on Earth did his family have to move, anyway? In their old house he'd never tried to pee in anything other than the toilet. And when Norm is in bed, he's kept awake by his dad snoring like a rhinoceros! (Publisher)
521 _a570
_bLexile
521 _aK
_bRaz-Plus
942 _2ddc
_cBK
_n0
999 _c1452
_d1452